000 00550nam a2200193Ia 4500
003 LDD
008 181029s9999 xx 000 0 und d
020 _a9780195374377
_c495.00
040 _cLDD
100 _aMarshall,Paul
245 0 _aBlind Spot
_bwhen journalists Don't get religion
_cPaul Marshall
260 _aLondon
_bOUP
_c2009
300 _axix, 220p.
365 _b495.00
901 _a7122
_b24-02-2011
902 _a9982
_b24-02-2011
_cF
_dUPPAL
_eFTF
903 _aDiscount-15
_bReqst by : Shambhunath Singh
942 _2ddc
_cBK
999 _c95397
_d95397